| 000 | 01368nac a22003491i 4500 | ||
|---|---|---|---|
| 003 | EG-ScBUE | ||
| 005 | 20241003124924.0 | ||
| 008 | 241003t2005 njua f b 001 0 eng d | ||
| 020 | _a9780131276291 | ||
| 020 | _a0131276298 | ||
| 040 |
_aEG-ScBUE _beng _erda _cEG-ScBUE _dEG-ScBUE |
||
| 082 | 0 | 4 |
_a515 _bHAE _222 |
| 100 | 1 |
_aHaeussler, Ernest F., _eauthor. |
|
| 245 | 1 | 0 |
_aIntroductory mathematical analysis for business, economics, and the life and social sciences / _cErnest F. Haeussler, Jr., The Pennsylvania State University, Richard S. Paul, The Pennsylvania State University, R. J. Wood, Dalhousie University. |
| 246 | 3 | 0 | _aIntroductory mathematical analysis |
| 250 | _aEleventh edition. | ||
| 250 | _aInternational edition. | ||
| 264 | 1 |
_aUpper Saddle River, N.J. : _bPearson Prentice Hall, _c[2005] |
|
| 264 | 4 | _cc2005 | |
| 300 |
_a1 volume (various pagings) : _billustrations (some color) ; _c27 cm |
||
| 336 |
_2rdacontent _atext _btxt |
||
| 337 |
_aunmediated _2rdamedia _bn |
||
| 338 |
_avolume _bnc _2rdacarrier |
||
| 504 | _aIncludes bibliographical references and index. | ||
| 650 | 7 |
_aMathematical analysis. _2BUEsh |
|
| 650 | 7 |
_aEconomics, Mathematical. _2BUEsh |
|
| 650 | 7 |
_aBusiness mathematics. _2BUEsh |
|
| 655 | _vReading book | ||
| 700 | 1 |
_aPaul, Richard S., _eauthor. |
|
| 700 | 1 |
_aWood, R. J., _eauthor. |
|
| 942 |
_cNB _2ddc |
||
| 999 |
_c4038 _d4038 |
||